000 01318nam a2200349 a 4500
001 ebr10670946
003 CaPaEBR
006 m u
007 cr cn|||||||||
008 091021s2009 nyu sb 001 0 eng d
010 _z 2009517257
020 _z1606926411
020 _z9781606926413
020 _z9781613241356 (e-book)
040 _aCaPaEBR
_cCaPaEBR
035 _a(OCoLC)709877946
043 _an-us---
050 1 4 _aHV3006.A4
_bY68 2009eb
082 0 4 _a618.92
_222
245 0 0 _aYoung adults with serious mental illness
_h[electronic resource] /
_cDavid O. Sullivan, editor.
260 _aNew York :
_bNova Science Publishers,
_c2009.
300 _avii, 119 p.
504 _aIncludes bibliographical references and index.
533 _aElectronic reproduction.
_bPalo Alto, Calif. :
_cebrary,
_d2013.
_nAvailable via World Wide Web.
_nAccess may be limited to ebrary affiliated libraries.
650 0 _aMentally ill
_xServices for
_zUnited States.
650 0 _aMental illness
_zUnited States.
650 0 _aYouth
_xServices for
_zUnited States.
655 7 _aElectronic books.
_2local
700 1 _aSullivan, David O.
710 2 _aebrary, Inc.
856 4 0 _uhttp://site.ebrary.com/lib/rucke/Doc?id=10670946
_zAn electronic book accessible through the World Wide Web; click to view
999 _c161349
_d161349